000 00628nam a2200193Ia 4500
003 IN-BaIIA
008 211028s9999 xx 000 0 eng d
020 _a978-3-540-76377-2
040 _cIIA Library
080 _a52(035)
_bHAN
245 0 _aHandbook of practical astronomy
_cedited by Gunter D. Roth
260 _aBerlin
_bSpringer
_c2009
300 _axxi, 712p.
650 _aOptics and telescopes-Handbook
_933246
650 _aPractical astronomy-Handbook, manual etc.
_933247
650 _aSperical astronomy-Handbook
_933248
700 _aRoth, Gunter D., ed.
_933249
942 _cBK
999 _c17583
_d17583